000 00922nam a2200373Ia 4500
001 5049
005 20240113233814.0
007 ta
008 050616s1996 a g b000 u eng u
020 _cRs. 170.00 (PB)
040 _aCotton College,Assam
041 _aeng
082 _a475.1
_bSi 61 Fu
082 _a591.15
_bSi 61 Fu
100 _aSingh, B.D. .
245 0 _aFundamentals of Genetics /
_cB.D. Singh.
_hTextual Documents
250 _aRev. ed. /
260 _aNew Delhi :
_bKalyani Publisher ,
_c1996.
300 _axx, 860p. :
_bill. ;
_c22cm .
365 _aRs. 170.00
504 _aIndex
653 _aBiology
653 _aZoology
653 _aBotany
653 _aGenetics
653 _aPG-Zoology
653 _aPG-Botany
653 _aG-Biology
942 _2ddc
_cBK
999 _c5036
_d5036